[Event "Buenos Aires FAOGBA op 2nd"]
[Site "Buenos Aires"]
[Date "2024.03.19"]
[Round "9"]
[White "Sapienza, Julian"]
[Black "Serrano, Luis Leonel"]
[Result "0-1"]
[WhiteElo "2064"]
[BlackElo "2143"]
[PlyCount "62"]
[EventDate "2024.03.12"]
[EventType "swiss"]
[EventRounds "9"]
[EventCountry "ARG"]
[SourceTitle "CBM 219 Extra"]
[Source "ChessBase"]
[SourceDate "2024.05.31"]
[SourceVersion "1"]
[SourceVersionDate "2024.05.31"]
[SourceQuality "1"]

1. e4 c5 2. Nf3 d6 3. d4 cxd4 4. Nxd4 Nf6 5. Nc3 a6 6. Bg5 e6 7. f4 Be7 8. Bc4 h6 9. Bxf6 Bxf6 10. Qd3 b5 11. Bb3 b4 12. Na4 Qc7 13. 0-0-0 0-0 14. g4 e5 15. Nf5 exf4 16. Rhg1 Bxf5 17. gxf5 Rd8 18. Rg6 Nc6 19. Qc4 Rab8 20. Rdg1 Kf8 21. Rxf6 gxf6 22. Rg6 Qa7 23. Qxc6 fxg6 24. Qd5 Kg7 25. a3 f3 26. Kb1 f2 27. Bc4 bxa3 28. fxg6 axb2 29. Nc3 Rdc8 30. Nd1 Qc7 31. Ne3 Qxc4 0-1